Couleurs des lignes du métro parisien : mort subite - Statistiques

Statistiques générales
  • Ce quiz a été pris 358 fois
  • Le résultat moyen est 7 sur 8
Answers on the Grid
Answers color-coded by a green-red scale on the quiz's grid according to % correct below.
Rouge
Jaune
Marron
Blanc
Gris
Noir
Vert
Rose
Mauve
Violet
Bleu
orange
 
Statistiques - réponses
Réponse % Correct
Jaune
95%
Vert
94%
Bleu
92%
Marron
91%
Rose
90%
orange
89%
Violet
89%
Mauve
83%
Aucun quiz correspondant
Distribution des résultats
% des personnes avec chaque résultat
Percentile par nombre de réponses
Votre historique - résultats
Vous n’avez pas pris ce quiz